000 00603nam a22001817a 4500
008 260305b |||||||| |||| 00| 0 eng d
020 _a9789914744729
050 _aPL8704
_b .M88 2022.
100 _aMutiso, Verovinca N.
245 _aMwenge wa fasihi simulizi /
_cVerovinca N. Mutiso.
250 _aToleo la kwanza.
260 _aNairobi :
_bThe Master Publishers,
_c2022.
300 _aiii, 125p. ;
_c18cm.
504 _aIncludes bibliographical references.
650 _aSwahili literature.
650 _aFolklore
_zEast Africa.
942 _2lcc
_hPL8704 .M88 2022.
_cAFRICANA
999 _c32360
_d32360